Statistics for Biggest Cities in Northern Virginia on a Map

Click here to take the quiz!

General Stats

  • This quiz has been taken 105 times
  • The average score is 13 of 28

Answers on the Map

Answers color-coded by a green-red scale on the quiz's map according to % correct below.
 

Answer Stats

PopulationCity / Town% Correct
231,803Arlington
95%
156,505Alexandria
94%
23,865Fairfax
86%
52,125Leesburg
76%
29,154West Falls Church
76%
41,457Manassas
73%
60,335Reston
65%
24,559Chantilly
64%
50,290Ashburn
61%
24,520Herndon
61%
31,117Springfield
58%
23,749Tysons
58%
43,729Annandale
55%
47,075McLean
55%
30,403Sterling
50%
42,722Burke
41%
73,545Dale City
36%
37,185Oakton
36%
24,570Bailey's Crossroads
26%
31,071South Riding
23%
24,808Lincolnia
18%
23,202West Springfield
18%
33,700Fair Oaks
17%
44,430Lake Ridge
15%
20,081Brambleton
12%
20,771McNair
12%
40,741Marumsco
8%
41,088Linton Hall
6%

Score Distribution

Percentile by Number Answered

Percent of People with Each Score

Your Score History

You have not taken this quiz